000 00896nam a2200217Ia 4500
001 10235
003 GE_BSU
008 181216s||||||||xx |||||||||||||| ||und||
040 _cGE_BSU
080 _a821.353.1+821.353.1-1+821.353.1-92+821.353.1-6
100 _aტაბიძე, გალაკტიონ
245 _aრჩეული
245 _bლექსები,პუბლიცისტიკა,მიმოწერა
245 _cშეადგინა წინასიტყვობა და ბოლოთქმა დაურთო ნოდარ ტაბიძემ
260 _aთბილისი.
260 _bგანათლება
260 _c1989
300 _a615გვ;1ფ.პორტრ;21სმ.
653 _aრჩეული:ლექსები,პუბლიცისტიკა,მიმოწერა
942 _cBK
999 _c43504
_d43504